В помощь просвещенцу. Вып. 5: Сборник в помощь просвещенцу (Запись № 13569331)

Подробности
000 -МАРКЕР
контрольное поле 01421nam2a2200265 4500
001 - ИДЕНТИФИКАТОР ЗАПИСИ
контрольное поле rc\2823400
005 - ИДЕНТИФИКАТОР ВЕРСИИ
контрольное поле 20260315044540.0
035 ## - ДРУГИЕ СИСТЕМНЫЕ НОМЕРА
Идентификатор записи (NLR Aleph) 006981750
100 ## - ДАННЫЕ ОБЩЕЙ ОБРАБОТКИ
Данные общей обработки 20110622d1929 u y0rusy50 ca
101 0# - ЯЗЫК РЕСУРСА
Язык текста, звукозаписи и т.д. русский
102 ## - СТРАНА ПУБЛИКАЦИИ ИЛИ ПРОИЗВОДСТВА
Страна публикации Российская Федерация
105 ## - ПОЛЕ КОДИРОВАННЫХ ДАННЫХ: ТЕКСТОВЫЕ МАТЕРИАЛЫ, МОНОГРАФИЧЕСКИЕ
Кодированные данные о монографическом текстовом документе y z |||||
200 1# - ЗАГЛАВИЕ И СВЕДЕНИЯ ОБ ОТВЕТСТВЕННОСТИ
Основное заглавие Сборник в помощь просвещенцу
Первые сведения об ответственности Под ред. С.В. Воронина, Б.Н. Никольского, С.С. Чесалина ...
Последующие сведения об ответственности Отв. ред. Никольский Б.Н.
210 ## - ПУБЛИКАЦИЯ, РАСПРОСТРАНЕНИЕ И ДР.
Дата издания, распространения и т.д. 1929
215 ## - ФИЗИЧЕСКАЯ ХАРАКТЕРИСТИКА
Специфическое обозначение материала и объем 110, [1] с.
Размеры 22 см
461 #0 - УРОВЕНЬ НАБОРА
Встроенное поле 001rc\2823395
-- 2001#$aВ помощь просвещенцу$eСборник [статей]. Вып. 1-$f[Под ред. Б.Н. Никольского и Л.О. Ермишова]$gПедагогический факультет С.Г.У. и методическое бюро Губоно$vВып. 5
Системный номер (АБИС) связанной записи 5538394
Место публикации Смоленск
Дата публикации 1927-1929
Первые сведения об ответственности [Под ред. Б.Н. Никольского и Л.О. Ермишова]
Имя издателя, распространителя и т.д. Смоленский гос. ун-т и Губ. отд. нар. образ.
Сведения, относящиеся к заглавию Сборник [статей]. Вып. 1-
Заглавие В помощь просвещенцу
Номер тома Вып. 5
702 #1 - ИМЯ ЛИЦА - ВТОРИЧНАЯ ОТВЕТСТВЕННОСТЬ
Начальный элемент ввода Воронин
Часть имени, кроме начального элемента ввода С.В.
Код отношения Редактор
702 #1 - ИМЯ ЛИЦА - ВТОРИЧНАЯ ОТВЕТСТВЕННОСТЬ
Начальный элемент ввода Никольский
Часть имени, кроме начального элемента ввода Б.Н.
Код отношения Редактор
702 #1 - ИМЯ ЛИЦА - ВТОРИЧНАЯ ОТВЕТСТВЕННОСТЬ
Начальный элемент ввода Чесалин
Часть имени, кроме начального элемента ввода С.С.
Код отношения Редактор
801 #0 - ИСТОЧНИК ЗАПИСИ
Страна Российская Федерация
Организация NLR
Правила каталогизации psbo
801 #1 - ИСТОЧНИК ЗАПИСИ
Страна Российская Федерация
Организация ELAR
Источник данных rusmarc
852 ## - МЕСТОНАХОЖДЕНИЕ И ШИФР ХРАНЕНИЯ
Идентификатор организации NLR
Шифр хранения (Call Number) 48/490
942 ## - ДОПОЛНИТЕЛЬНЫЕ ЭЛЕМЕНТЫ ЗАПИСИ (АБИС)
Тип экземпляра АБИС Неопределено
980 ## - КОЛЛЕКЦИЯ
Название коллекции Национальная библиография

Нет доступных экземпляров.